[Event "World Blitz Women 2017"]
[Site "Riyadh KSA"]
[Date "2017.12.29"]
[Round "6.7"]
[White "Krush, Irina"]
[Black "Ju, Wenjun"]
[Result "1/2-1/2"]
[WhiteTitle "GM"]
[BlackTitle "GM"]
[WhiteElo "2431"]
[BlackElo "2567"]
[WhiteFideId "2012782"]
[BlackFideId "8603006"]
[EventDate "2017.12.29"]

1. c4 g6 2. Nc3 Bg7 3. d4 d6 4. e4 Nd7 5. Nf3 e5 6. Be2 Ne7 7. O-O O-O 8. Be3 f5
9. dxe5 Nxe5 10. Nxe5 Bxe5 11. Bg5 c6 12. exf5 Bxf5 13. Qd2 Qd7 14. Rad1 Rad8
15. f4 Bf6 16. Bxf6 Rxf6 17. Bd3 Rff8 18. Ne4 Bxe4 19. Bxe4 d5 20. cxd5 Nxd5 21.
Bxd5+ Qxd5 22. Qxd5+ Rxd5 23. Rxd5 cxd5 24. Rd1 Rxf4 25. Rxd5 Rf7 26. Rd2 Kg7
27. Rf2 Rxf2 28. Kxf2 Kf6 29. Ke3 Ke5 30. Kd3 Kd5 31. Ke3 Ke5 32. Kd3 b5 33. Ke3
a5 34. Kd3 Kd5 35. Ke3 Ke5 36. Kd3 Kd5 37. Ke3 Ke5 38. Kd3 Kd5 1/2-1/2

[Event "World Blitz Women 2017"]
[Site "Riyadh KSA"]
[Date "2017.12.29"]
[Round "6.8"]
[White "Abdumalik, Zhansaya"]
[Black "Tan, Zhongyi"]
[Result "1-0"]
[WhiteTitle "IM"]
[BlackTitle "GM"]
[WhiteElo "2449"]
[BlackElo "2517"]
[WhiteFideId "13703544"]
[BlackFideId "8603642"]
[EventDate "2017.12.29"]

1. e4 d6 2. d4 g6 3. Nc3 Bg7 4. Be3 a6 5. a4 b6 6. Nf3 Bb7 7. Bd3 Nf6 8. h3 O-O
9. O-O Nc6 10. Qe2 Nb4 11. Nd2 c5 12. dxc5 bxc5 13. Nc4 Nd7 14. a5 Ne5 15. Nb6
Rb8 16. f4 Nexd3 17. cxd3 Nc6 18. Nc4 Nd4 19. Bxd4 cxd4 20. Nd5 e6 21. Ndb6 d5
22. exd5 Bxd5 23. Nxd5 Qxd5 24. Nb6 Qb5 25. Rfc1 Bh6 26. Rf1 Rfe8 27. Qe4 e5 28.
f5 Qxb2 29. Nd7 Be3+ 30. Kh1 Qb7 31. Nf6+ Kf8 32. Qh4 h6 33. fxg6 Bg5 34. Nh7+
Kg7 35. Nxg5 Kxg6 36. Ne4 f5 37. Qf6+ Kh7 38. Qxf5+ Kh8 39. Nd6 Qg7 40. Nxe8
Rxe8 41. Qf6 1-0

[Event "World Blitz Women 2017"]
[Site "Riyadh KSA"]
[Date "2017.12.29"]
[Round "6.9"]
[White "Harika, Dronavalli"]
[Black "Skripchenko, Almira"]
[Result "1-0"]
[WhiteTitle "GM"]
[BlackTitle "IM"]
[WhiteElo "2504"]
[BlackElo "2403"]
[WhiteFideId "5015197"]
[BlackFideId "13900145"]
[EventDate "2017.12.29"]

1. c4 g6 2. g3 Bg7 3. Bg2 e5 4. Nc3 d6 5. e4 Nc6 6. Nge2 Nf6 7. d3 O-O 8. O-O
Nd7 9. Be3 Nd4 10. Qd2 Nc5 11. h3 f5 12. Bg5 Nxe2+ 13. Nxe2 Qe8 14. Be3 Ne6 15.
exf5 gxf5 16. f4 Kh8 17. Kh2 c6 18. Rae1 Qg6 19. c5 dxc5 20. fxe5 Bxe5 21. Nf4
Nxf4 22. Bxf4 Bd4 23. Be5+ Bxe5 24. Rxe5 Rg8 25. Qf4 b6 26. Rfe1 Bd7 27. Re7
Rad8 28. R1e3 Rg7 29. Qc7 Rxe7 30. Rxe7 Rg8 1-0

[Event "World Blitz Women 2017"]
[Site "Riyadh KSA"]
[Date "2017.12.29"]
[Round "6.12"]
[White "Hoang, Thanh Trang"]
[Black "Cramling, Pia"]
[Result "0-1"]
[WhiteTitle "GM"]
[BlackTitle "GM"]
[WhiteElo "2439"]
[BlackElo "2450"]
[WhiteFideId "12400149"]
[BlackFideId "1700030"]
[EventDate "2017.12.29"]

1. d4 Nf6 2. Bf4 e6 3. e3 b6 4. Nf3 Bb7 5. Nbd2 d6 6. h3 Nbd7 7. Be2 g6 8. O-O
Bg7 9. c4 Qe7 10. Qc2 e5 11. dxe5 dxe5 12. Bh2 O-O 13. Rfd1 Rfd8 14. Rac1 Rac8
15. a3 a5 16. Bg3 Nc5 17. Nxe5 Nfe4 18. Nxe4 Nxe4 19. Bf3 f5 20. Nd3 c5 21. Bh2
h5 22. Nf4 Qf7 23. h4 Bf6 24. Nd5 Bxh4 25. Bxe4 fxe4 26. Nxb6 Rxd1+ 27. Rxd1 Re8
28. Rd7 Re7 29. Rxe7 Qxe7 30. Nd5 Qe6 31. Qd2 Kh7 32. Qxa5 Bxd5 33. cxd5 Qxd5
34. Qc7+ Kg8 35. Qd6 Qf5 36. Bf4 c4 37. Qd8+ Bxd8 0-1

[Event "World Blitz Women 2017"]
[Site "Riyadh KSA"]
[Date "2017.12.29"]
[Round "6.13"]
[White "Padmini, Rout"]
[Black "Gaponenko, Inna"]
[Result "0-1"]
[WhiteTitle "IM"]
[BlackTitle "IM"]
[WhiteElo "2324"]
[BlackElo "2435"]
[WhiteFideId "5029295"]
[BlackFideId "14101181"]
[EventDate "2017.12.29"]

1. Nf3 Nf6 2. g3 g6 3. Bg2 Bg7 4. O-O O-O 5. d4 d6 6. b3 e5 7. dxe5 dxe5 8. Ba3
Re8 9. Qxd8 Rxd8 10. Nc3 Nc6 11. Rad1 Bf5 12. Rc1 Rab8 13. e3 b5 14. Nh4 Bd7 15.
Bc5 a5 16. Rfd1 Be8 17. Nd5 Nxd5 18. Bxd5 Bf8 19. Bxf8 Kxf8 20. a3 Rd6 21. Be4
Rbd8 22. Rxd6 Rxd6 23. Nf3 f6 24. h4 Nd8 25. Bd3 Ne6 26. b4 axb4 27. axb4 c5 28.
bxc5 Nxc5 29. Be2 Bc6 30. Ne1 Ne4 31. Rd1 Ke7 32. Rxd6 Kxd6 33. Nd3 Nc3 34. Bg4
Be4 35. Ne1 Nb1 36. h5 Na3 37. hxg6 hxg6 38. Bd1 Kc5 39. f3 Bc6 40. Kf2 Kc4 41.
Be2+ Kc3 42. Bd3 f5 43. e4 fxe4 44. fxe4 b4 45. Ke3 Ba4 46. Nf3 Bxc2 47. Nxe5
Bxd3 48. Nxd3 Nc4+ 49. Ke2 b3 50. g4 g5 51. e5 Nxe5 52. Nxe5 b2 53. Nf3 b1=Q 54.
Nxg5 Qg6 55. Nf3 Qxg4 56. Ke3 Qf5 57. Ne1 Qe5+ 58. Kf2 Qf4+ 59. Ke2 Qe4+ 60. Kf2
Qf4+ 61. Ke2 Qd2+ 62. Kf1 Qa2 63. Nf3 Kd3 64. Ne1+ Ke3 65. Ng2+ Kf3 66. Ne1+ Kg3
67. Nd3 Qd2 68. Kg1 Qd1+ 69. Ne1 Qxe1# 0-1

[Event "World Blitz Women 2017"]
[Site "Riyadh KSA"]
[Date "2017.12.29"]
[Round "6.14"]
[White "Cori T., Deysi"]
[Black "Hoang, Thi Bao Tram"]
[Result "1-0"]
[WhiteTitle "WGM"]
[BlackTitle "WGM"]
[WhiteElo "2389"]
[BlackElo "2410"]
[WhiteFideId "3801934"]
[BlackFideId "12401102"]
[EventDate "2017.12.29"]

1. d4 d5 2. Nf3 c6 3. c4 Nf6 4. e3 g6 5. Nc3 Bg7 6. Be2 O-O 7. O-O b6 8. b4 Bb7
9. Rb1 Nbd7 10. Ba3 a6 11. cxd5 cxd5 12. b5 Ne4 13. Nxe4 dxe4 14. Nd2 axb5 15.
Qb3 Nf6 16. Bxb5 Bd5 17. Bc4 Bxc4 18. Nxc4 Nd5 19. Nd2 Ra5 20. Nxe4 Qa8 21. Bb2
Rxa2 22. Ra1 Rxa1 23. Rxa1 Qc6 24. Rc1 Qd7 25. h3 e6 26. Nc3 Nxc3 27. Bxc3 b5
28. Rb1 Rb8 29. Bb4 Qc6 30. Ra1 h5 31. Bc5 e5 32. Ra7 Qe8 33. d5 Rc8 34. Ba3 e4
35. d6 Rd8 36. Qd5 Bf8 37. Bc5 Rd7 38. Ra8 1-0

[Event "World Blitz Women 2017"]
[Site "Riyadh KSA"]
[Date "2017.12.29"]
[Round "6.15"]
[White "Girya, Olga"]
[Black "Javakhishvili, Lela"]
[Result "0-1"]
[WhiteTitle "WGM"]
[BlackTitle "IM"]
[WhiteElo "2484"]
[BlackElo "2449"]
[WhiteFideId "4195752"]
[BlackFideId "13601458"]
[EventDate "2017.12.29"]

1. d4 d6 2. Nf3 Nf6 3. c4 g6 4. Nc3 Bf5 5. Qb3 b6 6. h3 Bg7 7. g4 Bd7 8. e4 c5
9. Be3 cxd4 10. Nxd4 Nc6 11. Rd1 Rc8 12. Qc2 O-O 13. Be2 a6 14. g5 Ne8 15. h4
Ne5 16. b3 b5 17. f4 Ng4 18. Bg1 bxc4 19. bxc4 h5 20. gxh6 Bxh6 21. f5 Nef6 22.
h5 g5 23. Qd3 Ne5 24. Qg3 Kh8 25. Be3 Rg8 26. Rg1 Nxc4 27. Bxc4 Rxc4 28. Bf2 Qa5
29. Ne2 Nxe4 30. Qd3 d5 31. Bd4+ f6 32. Kf1 Nxc3 33. Bxc3 Qxa2 34. Qxd5 Bb5 35.
Qf7 Rf4+ 36. Kg2 Qxe2+ 0-1

[Event "World Blitz Women 2017"]
[Site "Riyadh KSA"]
[Date "2017.12.29"]
[Round "6.16"]
[White "Bulmaga, Irina"]
[Black "Saduakassova, Dinara"]
[Result "0-1"]
[WhiteTitle "IM"]
[BlackTitle "IM"]
[WhiteElo "2427"]
[BlackElo "2460"]
[WhiteFideId "13903063"]
[BlackFideId "13700090"]
[EventDate "2017.12.29"]

1. e4 c5 2. Nf3 e6 3. d4 cxd4 4. Nxd4 Nf6 5. Nc3 d6 6. g4 e5 7. Nf5 h5 8. g5
Nxe4 9. Nxg7+ Bxg7 10. Nxe4 d5 11. Nc3 d4 12. Ne4 Nc6 13. Bc4 Bg4 14. f3 Bf5 15.
Qe2 Qe7 16. Bd2 O-O-O 17. O-O-O Kb8 18. Kb1 h4 19. Rhg1 Bg6 20. a3 Rc8 21. Bb3
Rhd8 22. Qd3 Bf5 23. Bc4 Qc7 24. Bb3 Bg6 25. Rg4 h3 26. Rg3 Rh8 27. Qf1 Bf5 28.
Rg1 Rh4 29. Qe1 Rhh8 30. Rc1 Bg6 31. Ka1 Qe7 32. Ka2 Qc7 33. Qe2 Na5 34. Bxa5
Qxa5 35. Rgd1 Rhd8 36. c3 Bf8 37. cxd4 Rxc1 38. Rxc1 exd4 39. Qd3 Qe5 40. Rc2 a6
41. Re2 Qxg5 42. Nxg5 Bxd3 43. Nxf7 Bxe2 44. Nxd8 d3 45. Kb1 d2 46. Ne6 Bd6 47.
Ng5 Bxh2 48. Nxh3 d1=Q+ 49. Bxd1 Bxd1 50. f4 Bg4 51. Nf2 Bf5+ 52. Kc1 Bxf4+ 53.
Kd1 Kc7 54. Ke2 Be5 55. b3 Bc2 56. b4 Bb2 57. Kd2 Bf5 58. Nd1 Bxa3 59. Kc3 Be6
60. Ne3 b6 61. Nc2 Bc1 62. Nd4 Kd6 63. Nb3 Bf4 64. Nd4 Be5 65. Kd3 Bxd4 66. Kxd4
Kc6 67. Kc3 Kb5 68. Kb2 Kxb4 0-1

[Event "World Blitz Women 2017"]
[Site "Riyadh KSA"]
[Date "2017.12.29"]
[Round "6.17"]
[White "Tokhirjonova, Gulrukhbegim"]
[Black "Socko, Monika"]
[Result "1/2-1/2"]
[WhiteTitle "WGM"]
[BlackTitle "GM"]
[WhiteElo "2329"]
[BlackElo "2471"]
[WhiteFideId "14203626"]
[BlackFideId "1106619"]
[EventDate "2017.12.29"]

1. e4 e6 2. d4 d5 3. e5 c5 4. c3 Qb6 5. Nf3 Nc6 6. a3 c4 7. Nbd2 Na5 8. Rb1 Bd7
9. Be2 Ne7 10. b4 cxb3 11. Nxb3 Ba4 12. Nxa5 Bxd1 13. Rxb6 axb6 14. Bb5+ Kd8 15.
Nxb7+ Kc7 16. Kxd1 Kxb7 17. Ng5 Nc6 18. Nxf7 Rg8 19. a4 Be7 20. Ng5 Bxg5 21.
Bxg5 Rac8 22. Kd2 Rc7 23. Be3 Na5 24. Rb1 Rgc8 25. g4 Nc4+ 26. Bxc4 Rxc4 27. a5
R8c6 28. Rxb6+ Rxb6 29. axb6 Kxb6 30. f4 Kc6 31. h4 Kd7 32. f5 Ra4 33. f6 gxf6
34. exf6 Ke8 35. g5 Kf7 36. h5 Ra2+ 37. Kd3 Rh2 38. h6 Rh3 39. Kd2 Kg6 40. Ke2
Rh1 41. Kd3 Rf1 42. c4 dxc4+ 43. Kxc4 Rd1 44. Kc5 Rd3 45. Bf4 Kf7 46. Be5 Ra3
47. Kd6 Ra6+ 48. Kd7 Ra7+ 49. Kd6 Ra8 50. Kd7 Ra6 51. Bf4 Ra5 52. Be5 Rd5+ 53.
Kc6 Rd8 54. Kc7 Rg8 55. Bf4 Ra8 56. Kd7 Ra4 57. Be5 Ra5 58. Kd6 Rd5+ 59. Kc6 Kg6
60. Kc7 Kf7 61. Kc6 Ra5 62. Kd7 Ra7+ 63. Kd6 Ra5 64. Kd7 Rd5+ 65. Kc6 Kg6 66.
Kc7 1/2-1/2

[Event "World Blitz Women 2017"]
[Site "Riyadh KSA"]
[Date "2017.12.29"]
[Round "6.18"]
[White "Zhu, Chen"]
[Black "Guo, Qi"]
[Result "1/2-1/2"]
[WhiteTitle "GM"]
[BlackTitle "IM"]
[WhiteElo "2423"]
[BlackElo "2396"]
[WhiteFideId "8600546"]
[BlackFideId "8604002"]
[EventDate "2017.12.29"]

1. e4 c6 2. d4 d5 3. e5 Bf5 4. Nd2 e6 5. Nb3 Nd7 6. Nf3 Ne7 7. Be2 Bg6 8. O-O
Nf5 9. Bf4 a6 10. a4 Be7 11. a5 O-O 12. Qd2 Rc8 13. Rac1 c5 14. dxc5 Nxc5 15.
Nxc5 Bxc5 16. b4 Ba7 17. c4 dxc4 18. Rxc4 Rxc4 19. Bxc4 Qxd2 20. Bxd2 Nd4 21.
Nxd4 Bxd4 22. Bf4 Bc3 23. b5 axb5 24. Bxb5 Bxa5 25. Ra1 Bb6 26. Rd1 Rc8 27. Rd7
Bc7 28. Kf1 h6 29. f3 Bb1 30. Bg3 Ba2 31. Ke2 Bd5 32. Bf4 g5 33. Bg3 Kg7 34. h4
gxh4 35. Bf4 Bc6 36. Bxc6 bxc6 37. Kd3 Kg6 38. Ke4 Bd8 39. Be3 c5 40. Bxc5 Rxc5
41. Rxd8 Kg7 42. f4 Rc3 43. Rd2 Rg3 44. f5 Rg4+ 45. Kf3 exf5 46. Rd6 Rg3+ 47.
Kf2 Rg6 48. Rd4 Re6 49. Rxh4 Rxe5 50. Kf3 Ra5 51. Rh1 Kg6 52. g3 Ra3+ 53. Kf4
Ra4+ 54. Kf3 Kg5 55. Rb1 Ra3+ 56. Kg2 f4 57. gxf4+ Kg4 58. Rb6 Ra2+ 59. Kg1 Ra1+
60. Kg2 Ra2+ 61. Kg1 h5 62. Rf6 Ra7 63. Kg2 h4 64. Rh6 f5 65. Rg6+ Kxf4 66. Rh6
Kg5 67. Rh8 Ra2+ 68. Kh3 Ra3+ 69. Kg2 Kg4 70. Rg8+ Kf4 71. Rh8 Rg3+ 72. Kf2 Kg4
73. Rg8+ Kh3 74. Rf8 Rg5 75. Ra8 Kh2 76. Kf3 h3 77. Ra1 Rg4 78. Ra2+ Rg2 79. Ra1
Rb2 80. Rc1 Rg2 81. Ra1 Rg1 82. Ra2+ Kh1 83. Ra4 h2 84. Kf2 Rb1 85. Rh4 Rb2+ 86.
Kf1 Rb1+ 87. Kf2 Rb2+ 88. Kf1 Rb3 89. Kf2 Rb5 90. Rh5 Rb2+ 91. Kf1 f4 92. Rh4
Rb1+ 93. Kf2 Rb2+ 94. Kf1 Rb4 95. Kf2 Ra4 96. Rh7 f3 97. Rh8 Rg4 98. Rb8 Rg2+
99. Kf1 Ra2 100. Rg8 Rb2 101. Rg7 Rc2 102. Rg8 Rc1+ 103. Kf2 Rg1 104. Ra8 Rb1
105. Rg8 Rg1 106. Ra8 Rc1 107. Rg8 Rg1 108. Ra8 Rb1 1/2-1/2

[Event "World Blitz Women 2017"]
[Site "Riyadh KSA"]
[Date "2017.12.29"]
[Round "6.19"]
[White "Nechaeva, Marina"]
[Black "Melia, Salome"]
[Result "1/2-1/2"]
[WhiteTitle "IM"]
[BlackTitle "IM"]
[WhiteElo "2424"]
[BlackElo "2404"]
[WhiteFideId "4149351"]
[BlackFideId "13602446"]
[EventDate "2017.12.29"]

1. d4 Nf6 2. c4 e6 3. Nc3 Bb4 4. Nf3 b6 5. e3 Bb7 6. Bd3 O-O 7. O-O d5 8. cxd5
exd5 9. a3 Bd6 10. b4 c6 11. Qb3 Nbd7 12. a4 a5 13. bxa5 Rxa5 14. Ba3 Qe7 15.
Bxd6 Qxd6 16. Qc2 Ba6 17. Bxa6 Rxa6 18. h3 g6 19. Rfd1 Rfa8 20. Rac1 Qe7 21. Re1
Re8 22. Red1 Raa8 23. Rb1 Qd6 24. Re1 Qe7 1/2-1/2

[Event "World Blitz Women 2017"]
[Site "Riyadh KSA"]
[Date "2017.12.29"]
[Round "6.20"]
[White "Gevorgyan, Maria"]
[Black "Fierro Baquero, Martha L."]
[Result "1-0"]
[WhiteTitle "WIM"]
[BlackTitle "IM"]
[WhiteElo "2275"]
[BlackElo "2369"]
[WhiteFideId "13300270"]
[BlackFideId "3600270"]
[EventDate "2017.12.29"]

1. e4 d5 2. exd5 Qxd5 3. Nc3 Qa5 4. d4 c6 5. Nf3 Nf6 6. Bd2 Bf5 7. Bc4 e6 8. Nd5
Qd8 9. Ne3 Bg6 10. c3 Bd6 11. h3 O-O 12. O-O Nbd7 13. Bb3 b5 14. Bc2 Qc7 15. a4
a6 16. Bxg6 hxg6 17. Qc2 Nb6 18. axb5 axb5 19. b3 Nbd5 20. c4 Nxe3 21. fxe3 bxc4
22. bxc4 c5 23. Qd3 Rfd8 24. Bc3 Nh5 25. Rxa8 Rxa8 26. e4 cxd4 27. Bxd4 Bc5 28.
Bxc5 Qxc5+ 29. Qd4 Qxd4+ 30. Nxd4 Rc8 31. Rc1 Ng3 32. e5 Rd8 33. Kf2 Ne4+ 34.
Ke3 Nc5 35. Rb1 Nd7 36. Nc6 Re8 37. Rb7 Nc5 38. Rc7 Na6 39. Ra7 Nc5 40. Kd4 Nb3+
41. Kc3 Nc1 42. Nd4 Rd8 43. Ra1 1-0

[Event "World Blitz Women 2017"]
[Site "Riyadh KSA"]
[Date "2017.12.29"]
[Round "6.21"]
[White "Ding, Yixin"]
[Black "Mamedjarova, Turkan"]
[Result "1-0"]
[WhiteTitle "WGM"]
[BlackTitle "WGM"]
[WhiteElo "2424"]
[BlackElo "2260"]
[WhiteFideId "8602972"]
[BlackFideId "13402005"]
[EventDate "2017.12.29"]

1. d4 d5 2. Bf4 Nf6 3. Nf3 e6 4. e3 Bd6 5. Bg3 c5 6. c3 O-O 7. Nbd2 Nc6 8. Bd3
b6 9. O-O Bb7 10. Qe2 Bxg3 11. hxg3 Qe7 12. Ne5 Nxe5 13. dxe5 Nd7 14. f4 f6 15.
exf6 Nxf6 16. g4 Rad8 17. g5 Ne4 18. Nxe4 dxe4 19. Bc4 g6 20. Rad1 Kg7 21. Rxd8
Rxd8 22. Rd1 Rd6 23. Qg4 Bc8 24. Bb3 Qd7 25. Rxd6 Qxd6 26. Qe2 a6 27. Kh2 b5 28.
a4 c4 29. Bc2 Bb7 30. axb5 axb5 31. Kg3 e5 32. Qd1 Qe7 33. Qg4 exf4+ 34. Qxf4
Bc6 35. Bd1 Bd7 36. b3 Bf5 37. bxc4 bxc4 38. Ba4 Qe6 39. Qc7+ Kh8 40. Qd8+ Kg7
41. Qd4+ Kf8 42. Bb5 Qf7 43. Bxc4 Be6 44. Qd6+ Qe7 45. Qxe6 Qxg5+ 46. Kh2 Qh4+
47. Qh3 Qe1 48. Qh6+ Ke7 49. Qxh7+ Kf6 50. Qf7+ Kg5 51. Qf4+ Kh5 52. Bf7 Qh4+
53. Qxh4+ Kxh4 54. Bxg6 1-0

[Event "World Blitz Women 2017"]
[Site "Riyadh KSA"]
[Date "2017.12.29"]
[Round "6.22"]
[White "Stefanova, Antoaneta"]
[Black "Mkrtchian, Lilit"]
[Result "1-0"]
[WhiteTitle "GM"]
[BlackTitle "IM"]
[WhiteElo "2500"]
[BlackElo "2376"]
[WhiteFideId "2902257"]
[BlackFideId "13300601"]
[EventDate "2017.12.29"]

1. Nf3 c5 2. e3 Nf6 3. d4 b6 4. c4 e6 5. Nc3 cxd4 6. exd4 d6 7. Bd3 Bb7 8. O-O
Be7 9. d5 e5 10. Ne1 Nbd7 11. f4 exf4 12. Bxf4 Ne5 13. Be2 Nfd7 14. Nf3 Rc8 15.
b3 a6 16. Rc1 O-O 17. Qd2 Nxf3+ 18. Bxf3 Ne5 19. Be4 g6 20. Qf2 f5 21. Bb1 Bf6
22. Qg3 Bg7 23. Bg5 Qc7 24. Ne2 b5 25. Nf4 Qb6+ 26. Kh1 bxc4 27. Ne6 Bxd5 28.
Nxf8 Rxf8 29. Rfd1 Ba8 30. bxc4 Ng4 31. c5 dxc5 32. h3 Ne5 33. Be7 Re8 34. Bxc5
Qb7 35. Qb3+ Qxb3 36. axb3 h5 37. b4 h4 38. Bf2 Bh6 39. Rc7 Nf7 40. Ba2 Re2 41.
Bxf7+ Kh8 42. Bd4+ Bg7 43. Bxg7+ Kxg7 44. Bc4+ 1-0

[Event "World Blitz Women 2017"]
[Site "Riyadh KSA"]
[Date "2017.12.29"]
[Round "6.23"]
[White "Ushenina, Anna"]
[Black "Charkhalashvili, Inga"]
[Result "1-0"]
[WhiteTitle "GM"]
[BlackTitle "WGM"]
[WhiteElo "2416"]
[BlackElo "2355"]
[WhiteFideId "14110911"]
[BlackFideId "13601431"]
[EventDate "2017.12.29"]

1. d4 Nf6 2. Nf3 d5 3. Bf4 g6 4. e3 Bg7 5. c3 c6 6. h3 Bf5 7. Nh4 Bxb1 8. Rxb1
Nbd7 9. Nf3 Ne4 10. Bd3 f5 11. O-O O-O 12. c4 e6 13. Qc2 Ndf6 14. Be5 Qe7 15. b4
dxc4 16. Bxc4 Nd5 17. Bxg7 Kxg7 18. Qb2 Nd6 19. Bd3 Kg8 20. Rfc1 a6 21. a4 g5
22. Ne5 Nf7 23. Nxf7 Qxf7 24. b5 cxb5 25. axb5 a5 26. b6 Rfc8 27. Bc4 Nb4 28.
Qd2 Kg7 29. e4 Qg6 30. exf5 exf5 31. d5 f4 32. d6 Rxc4 33. Qb2+ Kh6 34. Rxc4
Qxd6 35. Rc7 Rg8 36. Rxb7 g4 37. hxg4 Rxg4 38. Qc3 Rxg2+ 39. Kxg2 Qg6+ 40. Kh2
Qxb1 41. Qg7+ Kh5 42. Qxh7+ Qxh7 43. Rxh7+ Kg6 44. Ra7 Nc6 45. Rc7 Nb8 46. Rc8
Nd7 47. b7 1-0

[Event "World Blitz Women 2017"]
[Site "Riyadh KSA"]
[Date "2017.12.29"]
[Round "6.25"]
[White "Charochkina, Daria"]
[Black "Zhukova, Natalia"]
[Result "1/2-1/2"]
[WhiteTitle "IM"]
[BlackTitle "GM"]
[WhiteElo "2317"]
[BlackElo "2444"]
[WhiteFideId "4180917"]
[BlackFideId "14101513"]
[EventDate "2017.12.29"]

1. d4 Nf6 2. c4 c5 3. d5 b5 4. cxb5 a6 5. e3 g6 6. Nc3 Bg7 7. Nf3 O-O 8. a4 Bb7
9. Bc4 e6 10. dxe6 fxe6 11. O-O d5 12. Be2 Nbd7 13. Qc2 c4 14. e4 Nc5 15. exd5
exd5 16. Bg5 Qc7 17. Rad1 Rad8 18. Nd4 Rd7 19. bxa6 Bxa6 20. Ncb5 Qb8 21. Bxc4
dxc4 22. Qxc4+ Kh8 23. Qxc5 Ne4 24. Qc1 Nxg5 25. Qxg5 Bxb5 26. Nxb5 Rxd1 27.
Rxd1 Qb6 28. Qd2 Qe6 29. h3 h5 30. Nd4 Qc4 31. Nf3 Qxa4 32. Re1 Qc6 33. b4 Qb6
34. Re7 Qf6 35. Qe2 Kh7 36. b5 Rb8 37. Re6 Qf5 38. b6 Qb1+ 39. Kh2 Rxb6 40. Ng5+
Kh6 41. Qe3 Rxe6 42. Nxe6+ Kh7 43. g3 Qf5 44. Nf4 Bh6 45. Qe7+ Kg8 46. Qd8+ Kh7
47. Qc7+ Kh8 48. Qd8+ Kh7 49. Nd3 Qe4 50. Qd7+ Kh8 51. Qc8+ Kh7 52. Qc7+ Kh8 53.
Ne5 Bg7 54. Nf7+ Kg8 55. Ng5 Qf5 56. Qd8+ Bf8 57. Qd2 Bh6 58. Qa2+ Kf8 59. Ne6+
Ke8 60. Nd4 Qf6 61. Qg8+ Bf8 62. Qe6+ Qxe6 63. Nxe6 Kf7 64. Nxf8 Kxf8 65. h4 Kf7
66. f4 Kf6 67. Kg2 Ke6 68. Kf3 Kf6 69. Ke4 Ke6 70. Ke3 Ke7 71. Kd4 Kd6 72. Ke4
Ke6 73. Kd3 Kd5 74. Ke3 Kd6 75. Kd4 Ke6 76. Ke4 Kf6 77. Ke3 Ke6 78. Kf3 Kf5 79.
Ke2 Kg4 80. Kf2 Kf5 81. Kg2 Kg4 82. Kh2 Kf5 83. Kh3 Ke4 84. Kg2 Ke3 85. Kg1 Kf3
86. Kh2 Ke3 87. Kg2 Ke2 88. Kh2 Kf2 89. Kh3 Kf3 90. Kh2 Kf2 1/2-1/2

[Event "World Blitz Women 2017"]
[Site "Riyadh KSA"]
[Date "2017.12.29"]
[Round "6.26"]
[White "Sukandar, Irine Kharisma"]
[Black "Ambartsumova, Karina"]
[Result "1-0"]
[WhiteTitle "IM"]
[BlackTitle "WGM"]
[WhiteElo "2384"]
[BlackElo "2359"]
[WhiteFideId "7101937"]
[BlackFideId "4166299"]
[EventDate "2017.12.29"]

1. e4 c5 2. Nf3 Nc6 3. Bb5 e6 4. Bxc6 bxc6 5. O-O Ne7 6. b3 Ng6 7. Bb2 f6 8. e5
Be7 9. d3 O-O 10. Nbd2 fxe5 11. Nxe5 Nxe5 12. Bxe5 d6 13. Bg3 Bf6 14. Rb1 d5 15.
Nf3 Bd7 16. Be5 Be8 17. Bxf6 Qxf6 18. Qe1 h6 19. Qe3 Qc3 20. Qxe6+ Bf7 21. Qxc6
Qxc2 22. Rfc1 Qxd3 23. Qxc5 Rfe8 24. Rd1 Qf5 25. Re1 Rec8 26. Qd4 Re8 27. Rbc1
Rxe1+ 28. Rxe1 Qc2 29. Ne5 Qxa2 30. Nxf7 1-0

[Event "World Blitz Women 2017"]
[Site "Riyadh KSA"]
[Date "2017.12.29"]
[Round "6.27"]
[White "Buksa, Nataliya"]
[Black "Cornette, Deimante"]
[Result "1-0"]
[WhiteTitle "WGM"]
[BlackTitle "IM"]
[WhiteElo "2385"]
[BlackElo "2439"]
[WhiteFideId "14123622"]
[BlackFideId "12802859"]
[EventDate "2017.12.29"]

1. d4 d5 2. Nc3 Nf6 3. Bf4 e6 4. e3 Bb4 5. Bd3 O-O 6. Ne2 a6 7. a3 Bd6 8. O-O c5
9. dxc5 Bxc5 10. Nd4 Nc6 11. Nxc6 bxc6 12. b4 Bd6 13. Na4 e5 14. Bg3 Bg4 15. Be2
Bf5 16. c4 Be6 17. Rc1 Ne4 18. cxd5 cxd5 19. Nc5 Nxg3 20. hxg3 a5 21. b5 Rc8 22.
Nxe6 fxe6 23. Bg4 Qe7 24. Qa4 Bxa3 25. Rxc8 Rxc8 26. Qxa5 Bc5 27. Qa6 Re8 28.
Rc1 d4 29. Bxe6+ Qxe6 30. Qxe6+ Rxe6 31. Rxc5 d3 32. Kf1 e4 33. Ke1 Kf7 34. Kd2
Rf6 35. Rc7+ Kf8 36. f3 exf3 37. gxf3 Rb6 1-0

[Event "World Blitz Women 2017"]
[Site "Riyadh KSA"]
[Date "2017.12.29"]
[Round "6.28"]
[White "Mammadova, Gulnar"]
[Black "Kulon, Klaudia"]
[Result "0-1"]
[WhiteTitle "IM"]
[BlackTitle "WGM"]
[WhiteElo "2357"]
[BlackElo "2370"]
[WhiteFideId "13403508"]
[BlackFideId "1131044"]
[EventDate "2017.12.29"]

1. e4 e5 2. Nf3 Nc6 3. Bc4 Nf6 4. d3 h6 5. O-O d6 6. h3 g6 7. Re1 Bg7 8. Nbd2
O-O 9. Nf1 Nh5 10. c3 Kh7 11. d4 Qe7 12. Ne3 Na5 13. Bf1 c5 14. Nd5 Qd8 15. dxc5
dxc5 16. Be3 b6 17. Rc1 Be6 18. b4 Nb7 19. Ba6 Nd6 20. Qc2 Nxe4 21. c4 f5 22.
Rcd1 Qb8 23. bxc5 bxc5 24. Rb1 Qd6 25. Bb7 Rab8 26. Red1 Bxd5 27. Bxd5 Rxb1 28.
Rxb1 Nhf6 29. Rd1 Nxd5 30. Rxd5 Qc7 31. Qd3 Qa5 32. a3 Qb6 33. Nxe5 Qb2 34. Nf3
Nc3 35. Rd7 f4 36. Bxc5 Re8 37. Rxg7+ Kxg7 38. Bd4+ Kh7 0-1

[Event "World Blitz Women 2017"]
[Site "Riyadh KSA"]
[Date "2017.12.29"]
[Round "6.29"]
[White "Savina, Anastasia"]
[Black "Pham, Le Thao Nguyen"]
[Result "0-1"]
[WhiteTitle "IM"]
[BlackTitle "IM"]
[WhiteElo "2350"]
[BlackElo "2354"]
[WhiteFideId "4196872"]
[BlackFideId "12401226"]
[EventDate "2017.12.29"]

1. Nf3 Nf6 2. c4 e6 3. Nc3 d5 4. d4 a6 5. cxd5 exd5 6. Bg5 Be6 7. e3 Nbd7 8. Rc1
Bd6 9. Bd3 h6 10. Bh4 c6 11. O-O O-O 12. Bb1 Re8 13. Re1 Bg4 14. h3 Bh5 15. Ne2
Qb8 16. Ng3 Bg6 17. Bxg6 fxg6 18. Bxf6 Nxf6 19. Ne2 g5 20. Qd3 Re7 21. Nc3 Qe8
22. Nd2 g4 23. hxg4 Nxg4 24. Qf5 Nf6 25. Nf3 Ne4 26. Nxe4 Rxe4 27. Nd2 Re6 28.
e4 Rf6 29. Qh3 Bf4 30. exd5 Qf7 31. Re2 cxd5 32. Rc8+ Rxc8 33. Qxc8+ Kh7 34. Nf3
Rc6 35. Qg4 Rg6 36. Qc8 Rc6 37. Qg4 Bb8 38. Re1 Rg6 39. Qh3 Qf4 40. Ne5 Rg5 41.
Qd3+ Rf5 42. g4 Qxf2+ 43. Kh1 Qxe1+ 44. Kg2 Qf2+ 45. Kh1 Qf1+ 0-1

[Event "World Blitz Women 2017"]
[Site "Riyadh KSA"]
[Date "2017.12.29"]
[Round "6.30"]
[White "Badelka, Olga"]
[Black "Szczepkowska, Karina"]
[Result "1-0"]
[WhiteTitle "WIM"]
[BlackTitle "IM"]
[WhiteElo "2388"]
[BlackElo "2419"]
[WhiteFideId "13509926"]
[BlackFideId "1122681"]
[EventDate "2017.12.29"]

1. d4 Nf6 2. c4 d6 3. Nf3 Nbd7 4. Bg5 e5 5. Nc3 Be7 6. e3 h6 7. Bh4 c6 8. Be2
O-O 9. Qc2 Re8 10. O-O Qc7 11. h3 Nf8 12. Bg3 Bd8 13. Rad1 exd4 14. exd4 Qd7 15.
Rfe1 Bc7 16. d5 c5 17. Bd3 Ba5 18. Rxe8 Nxe8 19. Ne4 f5 20. Nc3 Ng6 21. Qe2 Bxc3
22. bxc3 Nf6 23. Nh4 Ne7 24. Re1 Kf8 25. Qf3 g5 26. Rxe7 Kxe7 27. Nxf5+ Kd8 28.
Bxd6 Ng8 29. Bxc5 b6 30. Bd4 Bb7 31. Ng7 Qe7 32. Ne6+ Kc8 33. Bf5 Ba6 34. d6 Qb7
35. Nc5+ 1-0